The SR programming language /

Salvato in:
Dettagli Bibliografici
Autori principali: Andrews, Gregory R (Autore), Olsson, Ronald A (Autore)
Natura: Libro
Lingua:inglese
Pubblicazione: The Benjamin/Cummings Publ.Comp, 1993
Soggetti:
Tags: Aggiungi Tag
Nessun Tag, puoi essere il primo ad aggiungerne!!

MARC

LEADER 00000nam a22000003a 4500
001 stu10384
005 20200923115438.8
008 980102s1993----xxu-----------------eng-d
020 |a 0-8053-0088-0 
040 |a STU  |b slo 
041 0 |a eng 
044 |a xxu 
080 |a 681.32.06 
080 |a SR 
080 |a 519.682 
084 |a C6110P  |2 INS 
084 |a C6140  |2 INS 
084 |a C6150J  |2 INS 
084 |a C6150N  |2 INS 
084 |a C6160B  |2 INS 
100 1 |a Andrews, Gregory R  |4 aut 
245 1 |a The SR programming language /  |c [aut.] Andrews,Gregory R.; Olsson,Ronald A 
260 |b The Benjamin/Cummings Publ.Comp,  |c 1993 
300 |a 344 s 
650 7 |a programovacie jazyky  |2 stusub 
650 7 |a súbežné spracovanie  |2 stusub 
650 7 |a súbežné programovanie  |2 stusub 
650 7 |a paralelné programovanie  |2 stusub 
700 1 |a Olsson, Ronald A  |4 aut 
996 |b I5161  |c I*5161  |l II680  |s A  |a 24  |w stu10384_0001